Zákonník práce a jeho pôsobnosť

Vecnú pôsobnosť a základné poslanie zákona č. 311/2001 Z. z. Zákonník práce v znení neskorších predpisov napĺňa predovšetkým úprava individuálnych pracovnoprávnych vzťahov v súvislosti so zamestnávaním fyzických osôb právnickými osobami alebo fyzickými osobami, ako aj úprava kolektívnych pracovnoprá...

Descripción completa

Guardado en:
Detalles Bibliográficos
Autor principal: Mintál, Ján
Formato: Capítulo de libro
Lenguaje:eslovaco
Materias:
Etiquetas: Agregar Etiqueta
Sin Etiquetas, Sea el primero en etiquetar este registro!

MARC

LEADER 00000naa a2200000 4500
001 0300519
005 20240530095307.8
041 0 |a slo 
044 |a SK 
245 1 0 |a Zákonník práce a jeho pôsobnosť  |c Ján Mintál 
520 |a Vecnú pôsobnosť a základné poslanie zákona č. 311/2001 Z. z. Zákonník práce v znení neskorších predpisov napĺňa predovšetkým úprava individuálnych pracovnoprávnych vzťahov v súvislosti so zamestnávaním fyzických osôb právnickými osobami alebo fyzickými osobami, ako aj úprava kolektívnych pracovnoprávnych vzťahov. Podporná a delegovaná pôsobnosť Zákonníka práce. Pôsobnosť Zákonníka práce v pracovnoprávnych vzťahoch s medzinárodným prvkom. 
610 2 0 |a zákonník práce 
610 2 0 |a vzťahy pracovnoprávne 
610 2 0 |a osoby fyzické 
610 2 0 |a osoby právnické 
610 2 0 |a právo pracovné 
100 1 |a Mintál, Ján